000 00509nam a2200205Ia 4500
003 OSt
005 20221005120010.0
006 a|||||r|||| 00| 0
007 ta
008 221004b |||||||| |||| 00| 0 eng d
024 _a120801
037 _cTextual
040 _aCRL
_cCRL
_beng
041 _2eng
_aeng
100 _aRutcers : State university
_9628357
245 0 _aCraduate school announcment
260 _c1963
942 _cTEXL
_2cc
999 _c1036516
_d1036516